Παιδί και εκπαίδευση στο μουσείο : θεωρητικές αφετηρίες, παιδαγωγικές πρακτικές

Ο συλλογικός αυτός τόμος σχεδιάστηκε από το Ελληνικό Παιδικό Μουσείο με στόχο να προσφέρει ένα σώμα κειμένων που θα συμβάλει στον εμπλουτισμό και την τεκμηρίωση της ελληνικής πραγματικότητας σε ό,τι αφορά το παιδί και τη μουσειακή εκπαίδευση. Άνθρωποι που εργάζονται χρόνια στον τομέα της εκπαίδευσης...

Πλήρης περιγραφή

Αποθηκεύτηκε σε:
Λεπτομέρειες βιβλιογραφικής εγγραφής
Συγγραφή απο Οργανισμό/Αρχή: Ελληνικό Παιδικό Μουσείο
Άλλοι συγγραφείς: Καλεσοπούλου, Δέσποινα (edtf)
Μορφή: Βιβλίο
Γλώσσα:Greek
Δημοσίευση: Αθήνα : Πατάκης, 2011.
Σειρά:Θεωρητικές επιστήμες. Mουσειοπαιδαγωγική.
Θέματα:
Ετικέτες: Προσθήκη ετικέτας
Δεν υπάρχουν, Καταχωρήστε ετικέτα πρώτοι!

MARC

LEADER 00000cam a2200000 i 4500
001 1/46700
008 140506s2011 gr | ||| |||| ||gre||
020 |a 9789601623757 
035 |l 10117525 
040 |a GR-MY-UA  |b gre  |e aacr 
041 0 |a gre 
082 7 |a 069.15   |2 (23) 
110 2 |a Ελληνικό Παιδικό Μουσείο. 
245 1 0 |a Παιδί και εκπαίδευση στο μουσείο :   |b θεωρητικές αφετηρίες, παιδαγωγικές πρακτικές /   |c Ελληνικό Παιδικό Μουσείο ; επιμέλεια: Δέσποινα Καλεσοπούλου. 
260 |a Αθήνα :   |b Πατάκης,   |c 2011. 
300 |a 317 σ. :   |b εικ., φωτ. ;   |c 24 εκ. 
490 1 |a (Θεωρητικές επιστήμες / Mουσειοπαιδαγωγική) 
504 |a Περιέχει βιβλιογραφικές παραπομπές.  
520 |a Ο συλλογικός αυτός τόμος σχεδιάστηκε από το Ελληνικό Παιδικό Μουσείο με στόχο να προσφέρει ένα σώμα κειμένων που θα συμβάλει στον εμπλουτισμό και την τεκμηρίωση της ελληνικής πραγματικότητας σε ό,τι αφορά το παιδί και τη μουσειακή εκπαίδευση. Άνθρωποι που εργάζονται χρόνια στον τομέα της εκπαίδευσης στο μουσείο, οι περισσότεροι συνεργάτες του Ελληνικού Παιδικού Μουσείου στο ομώνυμο πρόγραμμα επιμόρφωσης που υλοποιεί από το 1988, κλήθηκαν ν' αναπτύξουν κείμενα που συγκεντρώνουν προβληματισμούς για τον σύγχρονο εκπαιδευτικό και κοινωνικό ρόλο του μουσείου και διερευνούν πώς οι εκπαιδευτικές του υπηρεσίες μπορούν να ανταποκριθούν καλύτερα στις ανάγκες και τα ενδιαφέροντα του παιδιού, από την προσχολική έως την εφηβική ηλικία"--Οπισθόφυλλο. 
650 0 0 |a Museums  |x Educational aspects  |z Greece. 
650 0 0 |a Museums and schools  |z Greece. 
650 0 0 |a Museums  |x Educational aspects  |x Handbooks, manuals, etc. 
700 1 |a Καλεσοπούλου, Δέσποινα,  |e edtf 
830 0 |a Θεωρητικές επιστήμες.   |p Mουσειοπαιδαγωγική. 
852 |a INST  |b LESVOS  |c EUDOXUS  |e 20140506  |h 069.15 ΕΛΛ  |p 005100054070  |q 005100054070  |t EDX  |y 0 
852 |a INST  |b LESVOS  |c EUDOXUS  |e 20140506  |h 069.15 ΕΛΛ  |p 005100054071  |q 005100054071  |t EDX  |y 0 
852 |a INST  |b LESVOS  |c EUDOXUS  |e 20160512  |h 069.15 ΕΛΛ  |p 005100057594  |q 005100057594  |t EDX  |y 0 
901 |a BIBL1-2014-2 
909 |a Λ  |b 188858 
909 |a Λ  |b 188859 
920 |a ΕΥΔΟΞΟΣ  |b ΠΑΡΑΓΓΕΛΙΑ  |y Λέσβος-ΤΠΤΕ  |z 2013-04 
920 |a Εύδοξος  |b Παραγγελία  |y Λέσβος-ΤΠΤΕ  |z 2016-05 
970 |a ΤΖΑΦΕΡΗ  |b ΕΥΑΓΓΕΛΙΑ  |z 2014/05/06